Traditional chinese plays

Uloženo v:
Podrobná bibliografie
Hlavní autor: Scott, Adolphe Clarence (Autor)
Médium: Kniha
Jazyk:angličtina
Vydáno: Madison The University of Wisconsin 1975
Témata:
Tagy: Přidat tag
Žádné tagy, Buďte první, kdo vytvoří štítek k tomuto záznamu!

MARC

LEADER 00000nam a2200000 a 4500
001 UCU4867
003 CL-VaPUC
008 960531e19750000us |||||||||||||||||eng|d
082 0 4 |a 895.102  |b SCO  |2 21 
100 0 |a Scott, Adolphe Clarence  |e author  |9 362574 
245 1 0 |a Traditional chinese plays 
300 |a v 
942 |c BK 
945 |d 19960531 00:00:00  |a rbrito 
260 |a Madison  |b The University of Wisconsin  |c 1975 
650 7 |a DRAMA CHINO  |2 CL-VaPUC  |9 362575 
583 |a last modification  |c 20171218 05:00:04  |k Rodrigo Vera 
999 |c 248396  |d 248394 
952 |0 0  |1 0  |4 0  |6 895_102000000000000_SCO_1975  |7 0  |8 A  |9 264995  |a BIBGIM  |b BIBGIM  |d 2019-11-19  |h v.3  |i 3205118  |o 895.102 SCO 1975  |p 3205118  |r 2025-01-15  |w 2019-11-19  |y BK  |k ORI